[Event "Champ FRA - Under 12"]
[Site "Europe Echecs"]
[Date "2020.07.08"]
[Round "4"]
[White "AllainGaston"]
[Black "DeNaveJulien"]
[Result "0-1"]
[WhiteElo "799"]
[BlackElo "1177"]
[PlyCount "68"]
[EventDate "2020.??.??"]

1. c4 Nf6 2. Nc3 g6 3. g3 Bg7 4. Bg2 e6 5. Nf3 c6 6. O-O O-O 7. d3 a6 8. Bg5 h6
9. Bxf6 Qxf6 10. e4 Qd8 11. Qd2 b5 12. cxb5 axb5 13. a4 bxa4 14. Nxa4 Bb7 15.
Nc5 Rxa1 16. Rxa1 Bc8 17. Ra7 Qb6 18. Nxd7 Bxd7 19. Ra5 Qxb2 20. Qxb2 Bxb2 21.
Ra2 Bg7 22. Nd2 c5 23. Nc4 Nc6 24. Nd6 Be5 25. Nc4 Bd4 26. Ra6 e5 27. Kh1 Rb8
28. f4 Rb1+ 29. Bf1 Rxf1+ 30. Kg2 Rf2+ 31. Kh1 Bh3 32. Ra1 Bxa1 33. Kg1 Bd4 34.
Nxe5 Rf1# {AllainGaston est échec et mat} 0-1

[Event "Champ FRA - Under 12"]
[Site "Europe Echecs"]
[Date "2020.07.08"]
[Round "4"]
[White "TrimbitasuElya"]
[Black "LagrangePereir"]
[Result "1-0"]
[WhiteElo "1175"]
[BlackElo "999"]
[PlyCount "121"]
[EventDate "2020.??.??"]

1. e4 d5 2. exd5 Qxd5 3. Nc3 Qd8 4. d4 Nf6 5. Bg5 Nc6 6. Nf3 h6 7. Bxf6 exf6 8.
Bb5 Bb4 9. d5 Bxc3+ 10. bxc3 Bd7 11. dxc6 Bxc6 12. Qxd8+ Rxd8 13. Bxc6+ bxc6
14. O-O O-O 15. Rfe1 Rb8 16. Rab1 Rbd8 17. Re7 Rd6 18. Rxc7 Rfd8 19. g3 g5 20.
Rbb7 g4 21. Nd4 h5 22. Nf5 Rd1+ 23. Kg2 R8d5 24. Nh6+ Kh7 25. Nxf7 Kg6 26. Nh8+
Kf5 27. Rxc6 R1d2 28. Rf7 Ke5 29. Rfxf6 Rxc2 30. Ng6+ Ke4 31. Rce6+ Kd3 32.
Nf4+ Kc4 33. Nxd5 Kxd5 34. Rd6+ Ke5 35. Rfe6+ Kf5 36. Re3 Rxa2 37. h3 gxh3+ 38.
Kxh3 Rxf2 39. c4 Rc2 40. Rd5+ Kf6 41. c5 a5 42. Rd6+ Kf5 43. c6 a4 44. Rd5+ Kf6
45. Rxh5 Rxc6 46. Rh6+ Kf5 47. Rxc6 Kg5 48. Rc8 Kh5 49. Rf8 Kg5 50. Re7 Kg6 51.
Rf4 Kg5 52. Rg7+ Kh6 53. Rg8 Kh7 54. Rgg4 a3 55. Ra4 a2 56. Rxa2 Kh6 57. Ra5
Kh7 58. Rb4 Kg7 59. Rb6 Kf7 60. Ra7+ Ke8 61. Rb8# {LagrangePereir est échec
et mat} 1-0

[Event "Champ FRA - Under 12"]
[Site "Europe Echecs"]
[Date "2020.07.08"]
[Round "4"]
[White "RosamelManua"]
[Black "MayJoani"]
[Result "1-0"]
[WhiteElo "1170"]
[BlackElo "999"]
[PlyCount "113"]
[EventDate "2020.??.??"]

1. e4 e5 2. Bc4 Nf6 3. Nf3 Nc6 4. Nc3 Nxe4 5. Nxe4 d5 6. Bxd5 Qxd5 7. Nc3 Qe6
8. O-O Bd6 9. Re1 O-O 10. d4 Qf5 11. d5 Nb4 12. Re2 e4 13. Nxe4 Nxd5 14. Nxd6
cxd6 15. Nh4 Qh5 16. Nf3 Nf4 17. Bxf4 Qg6 18. Qxd6 Bh3 19. Qxg6 fxg6 20. gxh3
Rxf4 21. Rae1 Rxf3 22. Re8+ Rxe8 23. Rxe8+ Kf7 24. Ra8 a6 25. Ra7 Ke6 26. Rxb7
Rf5 27. Rb6+ Kd7 28. Kg2 Kc7 29. Rxa6 Rd5 30. Ra7+ Kb6 31. Rxg7 Rd2 32. Rxh7
Rxc2 33. Rh6 Rxb2 34. Rxg6+ Kc5 35. h4 Rxa2 36. h5 Ra8 37. h6 Rh8 38. Kg3 Kd5
39. Kg4 Ke5 40. f4+ Ke4 41. h4 Kd5 42. Kg5 Ke4 43. Rg7 Kd5 44. f5 Ke5 45. Kg6
Kd6 46. h7 Ke5 47. Rg8 Rxg8+ 48. hxg8=Q Kd6 49. h5 Ke7 50. h6 Kd7 51. h7 Ke7
52. h8=Q Kd6 53. Qhg7 Kc6 54. Qd8 Kc5 55. Qgc7+ Kb5 56. Qdb8+ Ka6 57. Qca7# {
MayJoani est échec et mat} 1-0

[Event "Champ FRA - Under 12"]
[Site "Europe Echecs"]
[Date "2020.07.08"]
[Round "4"]
[White "RoubaudLouisAl"]
[Black "DuportailIdris"]
[Result "0-1"]
[WhiteElo "1101"]
[BlackElo "960"]
[PlyCount "30"]
[EventDate "2020.??.??"]

1. d4 d5 2. Nf3 Nc6 3. e3 Bf5 4. c4 dxc4 5. Bxc4 Nf6 6. O-O e6 7. Nc3 Qd6 8.
Re1 Ng4 9. g3 e5 10. d5 Nb4 11. a3 Nc2 12. e4 Nxa1 13. exf5 Qc5 14. Nxe5 Qxf2+
15. Kh1 Qxh2# {RoubaudLouisAl est échec et mat} 0-1

[Event "Champ FRA - Under 12"]
[Site "Europe Echecs"]
[Date "2020.07.08"]
[Round "4"]
[White "VandenbusscheT"]
[Black "FontaineGregor"]
[Result "1-0"]
[WhiteElo "999"]
[BlackElo "1140"]
[PlyCount "85"]
[EventDate "2020.??.??"]

1. d4 d5 2. Bg5 Bf5 3. e3 Nf6 4. Nf3 e6 5. Bb5+ c6 6. Bd3 Nbd7 7. Bxf5 exf5 8.
O-O Bd6 9. h3 O-O 10. Nc3 Re8 11. Re1 h6 12. Bf4 Bxf4 13. exf4 Rxe1+ 14. Qxe1
Qb6 15. Na4 Qc7 16. Ne5 Nxe5 17. fxe5 Nh5 18. e6 Nf4 19. e7 Qxe7 20. Qxe7 Ng6
21. Qxb7 Re8 22. Qxa7 Nf4 23. g3 Ne2+ 24. Kf1 c5 25. Nc3 Nxd4 26. Nxd5 Nxc2 27.
Rc1 Nd4 28. Nc7 Re2 29. Qxc5 Re4 30. Rc4 Ne6 31. Nxe6 Rxe6 32. Qc8+ Kh7 33. a4
g5 34. a5 h5 35. Ra4 Rd6 36. a6 Rd1+ 37. Ke2 Rb1 38. a7 Rxb2+ 39. Kd3 Rb3+ 40.
Kc4 Rb2 41. a8=Q Rxf2 42. Ra6 Rf3 43. Qh8# {FontaineGregor est échec et mat}
1-0

[Event "Champ FRA - Under 12"]
[Site "Europe Echecs"]
[Date "2020.07.08"]
[Round "4"]
[White "ChareyreMathie"]
[Black "TurcuLaura"]
[Result "0-1"]
[WhiteElo "1080"]
[BlackElo "1006"]
[PlyCount "88"]
[EventDate "2020.??.??"]

1. e4 e5 2. Nf3 Nc6 3. Bc4 Bc5 4. d3 Nf6 5. Nc3 d6 6. O-O Bg4 7. Qe2 Qd7 8. Be3
Nd4 9. Bxd4 Bxd4 10. Na4 Qxa4 11. c3 Bb6 12. h3 Bh5 13. b3 Qa3 14. Qd1 O-O 15.
d4 exd4 16. cxd4 Nxe4 17. Be2 Nc3 18. Qd2 Nxe2+ 19. Qxe2 Bxd4 20. Qe4 Bxa1 21.
Rxa1 b6 22. Ng5 g6 23. g4 f5 24. gxf5 gxf5 25. Qe6+ Kh8 26. Qh6 Bg6 27. h4 f4
28. h5 Bc2 29. Re1 Rfe8 30. Qf6+ Kg8 31. Qf7+ Kh8 32. Rxe8+ Rxe8 33. Qxe8+ Kg7
34. Qf7+ Kh6 35. Qf6+ Bg6 36. Nxh7 Qc1+ 37. Kg2 Qc6+ 38. Kh3 Qf3+ 39. Kh2 Qxh5+
40. Kg2 Qg4+ 41. Kf1 Qh3+ 42. Ke2 Qg4+ 43. Kf1 Kh5 44. Qg7 Bd3+ {
ChareyreMathie a abandonné} 0-1

[Event "Champ FRA - Under 12"]
[Site "Europe Echecs"]
[Date "2020.07.08"]
[Round "4"]
[White "GourarMariem"]
[Black "SubkhanberdinJ"]
[Result "1-0"]
[WhiteElo "1062"]
[BlackElo "999"]
[PlyCount "73"]
[EventDate "2020.??.??"]

1. e4 c5 2. Nc3 e6 3. Nf3 d5 4. e5 Nc6 5. Bb5 d4 6. Ne4 Bd7 7. O-O Qc7 8. d3
Nxe5 9. Bxd7+ Nxd7 10. c3 O-O-O 11. cxd4 cxd4 12. Nxd4 Ndf6 13. Nxf6 Nxf6 14.
Nb5 Qe5 15. Nxa7+ Kb8 16. Qa4 Rd6 17. g3 Qc5 18. Bf4 Ng4 19. Bxd6+ Qxd6 20.
Qe8+ Kxa7 21. Qa4+ Kb6 22. Qxg4 h5 23. Qe2 h4 24. Qe3+ Kc7 25. Rac1+ Kd7 26. g4
h3 27. f4 Rh4 28. Qg3 Qd4+ 29. Kh1 Qd5+ 30. Rf3 Qxa2 31. f5 Qxb2 32. Qc7+ Ke8
33. Qc8+ Ke7 34. f6+ Kd6 35. Qd8+ Ke5 36. Re1+ Qe2 37. Rxe2# {SubkhanberdinJ
est échec et mat} 1-0

[Event "Champ FRA - Under 12"]
[Site "Europe Echecs"]
[Date "2020.07.08"]
[Round "4"]
[White "BuchlinAlexis"]
[Black "BonnayTramoniB"]
[Result "1-0"]
[WhiteElo "1191"]
[BlackElo "999"]
[PlyCount "145"]
[EventDate "2020.??.??"]

1. e4 e5 2. Nf3 Nc6 3. Bc4 Nf6 4. Ng5 d5 5. exd5 Na5 6. d3 Nxc4 7. dxc4 h6 8.
Nf3 Bc5 9. O-O Bg4 10. Qd3 e4 11. Re1 Bf5 12. Qc3 Qe7 13. Bf4 O-O-O 14. Nbd2
Qd7 15. Nd4 Bxd4 16. Qxd4 Rde8 17. Qxa7 Kd8 18. Qxb7 g5 19. Bg3 Nh5 20. b3 Nxg3
21. fxg3 h5 22. Qb8+ Ke7 23. Qb4+ Kd8 24. a4 h4 25. Nf1 hxg3 26. Nxg3 Qd6 27.
Qxd6+ cxd6 28. a5 Bg6 29. a6 Kd7 30. b4 Ra8 31. b5 Rhb8 32. Reb1 Kc7 33. c5
dxc5 34. a7 Rb7 35. d6+ Kxd6 36. b6 Kc6 37. c4 Rxb6 38. Rxb6+ Kxb6 39. Re1 Kxa7
40. Nxe4 Bxe4 41. Rxe4 Rf8 42. Re5 Rg8 43. Rxc5 Kb6 44. Rf5 Rg7 45. Kf2 Kc6 46.
Ke3 Kd6 47. Ke4 Ke6 48. g4 f6 49. Rd5 Rf7 50. c5 Re7 51. Kd4 Kf7 52. Rd6 Rc7
53. Kd5 Ke7 54. Re6+ Kf7 55. Kd6 Rc8 56. Re7+ Kg6 57. c6 f5 58. gxf5+ Kxf5 59.
Rc7 Rxc7 60. Kxc7 g4 61. Kd7 g3 62. hxg3 Ke5 63. c7 Kd5 64. c8=Q Ke5 65. Qc6
Kf5 66. g4+ Kxg4 67. Qd5 Kg3 68. Qe4 Kh3 69. Qg6 Kh2 70. Ke6 Kh3 71. Kf5 Kh4
72. Kf4 Kh3 73. Qg3# {BonnayTramoniB est échec et mat} 1-0

[Event "Champ FRA - Under 12"]
[Site "Europe Echecs"]
[Date "2020.07.08"]
[Round "4"]
[White "NegreMaxime"]
[Black "CabasseLoiseau"]
[Result "1-0"]
[WhiteElo "1105"]
[BlackElo "999"]
[PlyCount "53"]
[EventDate "2020.??.??"]

1. e4 e5 2. Nf3 Nc6 3. Bb5 Nce7 4. Nxe5 Nf6 5. Nc3 a6 6. Ba4 g6 7. d3 Bg7 8.
Nf3 b6 9. Bb3 O-O 10. O-O Bb7 11. Bg5 a5 12. a3 Nc6 13. Qd2 Qe7 14. Nd5 Qd8 15.
e5 Ne7 16. Nxe7+ Qxe7 17. exf6 Bxf6 18. Bxf6 Qxf6 19. Qd1 Qxb2 20. Re1 Bxf3 21.
Qxf3 Qg7 22. Rab1 Rae8 23. h3 Rxe1+ 24. Rxe1 d6 25. Re7 Rc8 26. Rxf7 Rf8 27.
Rxf8# {CabasseLoiseau est échec et mat} 1-0

[Event "Champ FRA - Under 12"]
[Site "Europe Echecs"]
[Date "2020.07.08"]
[Round "4"]
[White "BourezzouSofia"]
[Black "CayauNolanMael"]
[Result "1-0"]
[WhiteElo "1090"]
[BlackElo "999"]
[PlyCount "67"]
[EventDate "2020.??.??"]

1. e4 e5 2. Qh5 Bc5 3. Bc4 g6 4. Qxe5+ Ne7 5. Qxh8+ Ng8 6. Qxg8+ Ke7 7. Qxf7+
Kd6 8. Qd5+ Ke7 9. Qxc5+ d6 10. Qg5+ Kd7 11. Bb5+ c6 12. Qg4+ Kc7 13. Qe2 cxb5
14. Nc3 b4 15. Nd5+ Kd7 16. Qb5+ Ke6 17. Nf4+ Kf7 18. Qd5+ Kf6 19. e5+ dxe5 20.
Qxd8+ Kf5 21. d4 exf4 22. Qxc8+ Ke4 23. Qxb7+ Kf5 24. Qxa8 Nd7 25. Qf3 Nf6 26.
Qxf4+ Ke6 27. Qe5+ Kf7 28. Nf3 Ng4 29. Qd6 g5 30. Nxg5+ Kg8 31. Qe6+ Kh8 32.
Qe7 Kg8 33. Qf7+ Kh8 34. Qxh7# {CayauNolanMael est échec et mat} 1-0

[Event "Champ FRA - Under 12"]
[Site "Europe Echecs"]
[Date "2020.07.08"]
[Round "4"]
[White "ButzbachGael"]
[Black "SamorukovEgor"]
[Result "0-1"]
[WhiteElo "999"]
[BlackElo "1060"]
[PlyCount "52"]
[EventDate "2020.??.??"]

1. e4 c5 2. Nf3 e6 3. d4 cxd4 4. Nxd4 Nf6 5. Nc3 Bb4 6. Bb5 Nxe4 7. O-O Bxc3 8.
bxc3 Nxc3 9. Qd3 Nd5 10. Bc6 bxc6 11. Qg3 O-O 12. Qg4 e5 13. Ne2 d6 14. Qh3
Bxh3 15. gxh3 Nd7 16. Ng3 Nf4 17. Nf5 Ne2+ 18. Kh1 Nf6 19. Nxd6 Qxd6 20. Rd1
Qxd1+ 21. Kg2 Nf4+ 22. Kg3 N6h5+ 23. Kh4 g5+ 24. Kxg5 f6+ 25. Kh6 Qg1 26. Bxf4
Qg6# {ButzbachGael est échec et mat} 0-1

[Event "Champ FRA - Under 12"]
[Site "Europe Echecs"]
[Date "2020.07.08"]
[Round "4"]
[White "ClaveriePaul"]
[Black "GleyzeLalie"]
[Result "1-0"]
[WhiteElo "1041"]
[BlackElo "999"]
[PlyCount "73"]
[EventDate "2020.??.??"]

1. e4 e5 2. Nf3 d5 3. exd5 Nf6 4. Bc4 Bg4 5. Nc3 Nbd7 6. O-O Nc5 7. Qe1 b6 8.
Ng5 a6 9. f3 b5 10. Bxb5+ axb5 11. fxg4 Nxg4 12. Nxb5 f6 13. Nf3 f5 14. Nxe5
Ne4 15. Rxf5 Be7 16. Nxg4 Bc5+ 17. Kh1 Be3 18. Qxe3 Kd7 19. Qxe4 Re8 20. Qf3
Ra5 21. Rf7+ Re7 22. Rxe7+ Qxe7 23. Ne3 Rxb5 24. b3 h5 25. Qh3+ Kd8 26. c4 Ra5
27. Bb2 g6 28. Bc3 Ra7 29. Rf1 c6 30. Bf6 Qxf6 31. Rxf6 cxd5 32. cxd5 h4 33.
Qxh4 g5 34. Qxg5 Rh7 35. Rf7+ Kc8 36. Rxh7 Kb8 37. Qg8# {GleyzeLalie est
échec et mat} 1-0

[Event "Champ FRA - Under 12"]
[Site "Europe Echecs"]
[Date "2020.07.08"]
[Round "4"]
[White "DumasGustave"]
[Black "GadoisClaire"]
[Result "1-0"]
[WhiteElo "999"]
[BlackElo "1040"]
[PlyCount "69"]
[EventDate "2020.??.??"]

1. c4 e5 2. g3 Nf6 3. Bg2 Nc6 4. e4 Bc5 5. Ne2 O-O 6. O-O d6 7. Nbc3 Be6 8. d3
Qd7 9. Bg5 Bh3 10. Bxf6 gxf6 11. Nd5 Bxg2 12. Nxf6+ Kh8 13. Nxd7 Rg8 14. Kxg2
Rad8 15. Nf6 Rg6 16. Nd5 Rd7 17. Nec3 Nd4 18. Qa4 c6 19. Nb4 Bxb4 20. Qxb4 Nc2
21. Qb3 Nxa1 22. Rxa1 b6 23. Qa4 Rc7 24. b4 f6 25. b5 c5 26. Nd5 Rc8 27. Ne7
Rcg8 28. Nxg6+ Rxg6 29. Qxa7 Rg8 30. Qxb6 Rd8 31. Qxd8+ Kg7 32. Qe7+ Kh6 33.
Qxf6+ Kh5 34. h4 d5 35. Qg5# {GadoisClaire est échec et mat} 1-0

[Event "Champ FRA - Under 12"]
[Site "Europe Echecs"]
[Date "2020.07.08"]
[Round "5"]
[White "MateriaMarco"]
[Black "VuDinhAdrien"]
[Result "1-0"]
[WhiteElo "2269"]
[BlackElo "1740"]
[PlyCount "135"]
[EventDate "2020.??.??"]

1. d4 Nf6 2. c4 g6 3. Nc3 d5 4. cxd5 Nxd5 5. e4 Nxc3 6. bxc3 Bg7 7. Nf3 c5 8.
Bb5+ Nc6 9. d5 a6 10. Be2 Ne5 11. Nxe5 Bxe5 12. Qc2 O-O 13. O-O Bg7 14. Be3 Qc7
15. Rab1 b5 16. c4 b4 17. f4 Rd8 18. e5 Bf5 19. Bd3 Bxd3 20. Qxd3 Rac8 21. Rf2
a5 22. Qc2 Qd7 23. Rbf1 Qf5 24. Qc1 a4 25. Rf3 h5 26. Bf2 Rd7 27. Re1 Kh7 28.
Qd1 Ra7 29. Qb1 Qxb1 30. Rxb1 Rb7 31. h3 Kg8 32. g4 hxg4 33. hxg4 Kf8 34. Bg3
e6 35. f5 gxf5 36. gxf5 exf5 37. Rxf5 Kg8 38. Rf3 Re8 39. Re3 Rd7 40. Kf2 Kf8
41. Bf4 Ke7 42. Rg1 Rg8 43. Reg3 Kf8 44. Rxg7 Rxg7 45. Bh6 b3 46. Bxg7+ Ke8 47.
axb3 axb3 48. Bf6 Rb7 49. e6 fxe6 50. dxe6 Kf8 51. e7+ Kf7 52. Rg7+ Kxf6 53.
e8=N+ Ke5 54. Rxb7 Kd4 55. Nd6 b2 56. Rxb2 Ke5 57. Nb5 Ke4 58. Rd2 Ke5 59. Rd5+
Ke4 60. Rxc5 Kd3 61. Nd6 Kd4 62. Rd5+ Kc3 63. c5 Kb4 64. c6 Ka3 65. c7 Ka2 66.
c8=Q Kb1 67. Rb5+ Ka2 68. Qa6# {VuDinhAdrien est échec et mat} 1-0

[Event "Champ FRA - Under 12"]
[Site "Europe Echecs"]
[Date "2020.07.08"]
[Round "5"]
[White "KassabChadi"]
[Black "KuhnClement"]
[Result "1/2-1/2"]
[WhiteElo "1659"]
[BlackElo "2150"]
[PlyCount "167"]
[EventDate "2020.??.??"]

1. e4 c5 2. c3 d5 3. exd5 Qxd5 4. d4 Nf6 5. Nf3 e6 6. Bf4 Nc6 7. Be2 Be7 8. O-O
O-O 9. c4 Qd8 10. dxc5 Bxc5 11. Nc3 b6 12. Bg5 Bb7 13. Qxd8 Rfxd8 14. Rad1 h6
15. Bxf6 gxf6 16. Ne4 Be7 17. a3 f5 18. Nc3 Bf6 19. Rd3 Rxd3 20. Bxd3 Rd8 21.
Be2 Na5 22. Rc1 Ba6 23. Na4 Bxc4 24. Bxc4 Nxc4 25. g3 Nxb2 26. Nc3 a6 27. Ne2
b5 28. Rc6 a5 29. Rb6 Rd5 30. Nf4 Rc5 31. Nh5 Bg5 32. h4 Bc1 33. Rb8+ Kh7 34.
Nd4 Nc4 35. Nxb5 Nxa3 36. Nd6 Rc7 37. Ne8 Bb2 38. Nxc7 Be5 39. Rc8 Kg6 40. Nf4+
Bxf4 41. gxf4 Nc4 42. Nb5 Nd2 43. Ra8 Nb3 44. Nc3 Kf6 45. Na4 e5 46. fxe5+ Kxe5
47. Nb2 Kd4 48. Rf8 Kc3 49. Na4+ Kb4 50. Nb6 a4 51. Nxa4 Kxa4 52. Rxf7 Nd4 53.
Rf6 h5 54. Rh6 Kb4 55. Rxh5 Kc5 56. Rh7 Kd5 57. h5 Ke6 58. Kg2 Kf6 59. Kg3 Ne6
60. f4 Nd4 61. h6 Kg6 62. Rh8 Ne6 63. h7 Ng7 64. Kh4 Kh6 65. Kg3 Kg6 66. Kh4
Kh6 67. Rg8 Kxh7 68. Rxg7+ Kxg7 69. Kg5 Kg8 70. Kg6 Kf8 71. Kf6 Kg8 72. Kg6 Kf8
73. Kf6 Kg8 74. Ke6 Kg7 75. Kxf5 Kf7 76. Kg5 Kg7 77. f5 Kf7 78. f6 Kf8 79. Kg6
Kg8 80. Kh6 Kf7 81. Kg5 Kf8 82. Kg6 Kg8 83. f7+ Kf8 84. Kf6 {Nulle par pat}
1/2-1/2

[Event "Champ FRA - Under 12"]
[Site "Europe Echecs"]
[Date "2020.07.08"]
[Round "5"]
[White "BreuilTristan"]
[Black "LevannierGouel"]
[Result "1-0"]
[WhiteElo "1898"]
[BlackElo "1659"]
[PlyCount "105"]
[EventDate "2020.??.??"]

1. e4 c5 2. Nf3 Nc6 3. d4 cxd4 4. Nxd4 e5 5. Nb5 a6 6. Nd6+ Bxd6 7. Qxd6 Qe7 8.
Qd2 d6 9. Nc3 Be6 10. Nd5 Qd8 11. c4 Nge7 12. Bd3 O-O 13. O-O f5 14. exf5 Bxd5
15. cxd5 Nd4 16. b3 Rc8 17. Bb2 Nexf5 18. f4 Qb6 19. Qf2 Rce8 20. Be4 exf4 21.
Bxf5 Ne2+ 22. Kh1 Qxf2 23. Rxf2 Rxf5 24. g4 Rf7 25. Kg2 Re3 26. Raf1 g5 27. Rf3
b5 28. Rxe3 fxe3 29. Rxf7 Kxf7 30. Kf3 Nf4 31. Kxe3 Nxd5+ 32. Ke4 Ke6 33. Bc1
h6 34. Bd2 Nf6+ 35. Kf3 d5 36. Bc3 h5 37. Bxf6 Kxf6 38. gxh5 Kg7 39. Kg4 Kh6
40. h4 gxh4 41. Kxh4 d4 42. Kg4 d3 43. Kf3 d2 44. Ke2 d1=Q+ 45. Kxd1 Kxh5 46.
Kc2 Kg5 47. Kc3 Kf5 48. Kb4 Ke6 49. Ka5 Kd5 50. Kxa6 Kc5 51. Ka5 b4 52. Ka4 Kb6
53. Kxb4 {LevannierGouel a abandonné} 1-0

[Event "Champ FRA - Under 12"]
[Site "Europe Echecs"]
[Date "2020.07.08"]
[Round "5"]
[White "TrevisiolAntoi"]
[Black "DurandBenmouss"]
[Result "1-0"]
[WhiteElo "1788"]
[BlackElo "1558"]
[PlyCount "117"]
[EventDate "2020.??.??"]

1. d4 Nf6 2. c4 e6 3. Nf3 d5 4. Bg5 a6 5. cxd5 exd5 6. Nc3 Be6 7. e3 h6 8. Bh4
g5 9. Bg3 Nh5 10. Be5 Ng7 11. Bd3 Nc6 12. a3 g4 13. Bxg7 Bxg7 14. Nd2 Qd6 15.
Nb3 b6 16. Qe2 h5 17. Bxa6 Na5 18. Nxa5 bxa5 19. Bb5+ c6 20. Ba4 Rb8 21. Rc1
O-O 22. O-O f5 23. Qd2 Rf6 24. Ne2 Qc7 25. Bxc6 Qb6 26. Nf4 Bf7 27. Nxd5 Bxd5
28. Bxd5+ Kh7 29. b3 h4 30. Qc2 Qd6 31. Qc5 Qd8 32. Rc2 Rh6 33. Rfc1 g3 34. Bf3
gxh2+ 35. Kh1 h3 36. Qxf5+ Kh8 37. Rc8 hxg2+ 38. Bxg2 Rf6 39. Rxd8+ Rxd8 40.
Qh5+ Rh6 41. Qxa5 Rf8 42. Qd2 Rhf6 43. f4 Bh6 44. Rc5 Rg6 45. Rh5 Rfg8 46. d5
Rc8 47. Qd4+ Kh7 48. Qb2 Rg3 49. Kxh2 Rxe3 50. Qd4 Rcc3 51. Be4+ Kg8 52. Rxh6
Re2+ 53. Bg2 Rcc2 54. Qh8+ Kf7 55. Rf6+ Ke7 56. Qg7+ Kd8 57. Rf8+ Re8 58. Rxe8+
Kxe8 59. d6 {DurandBenmouss a abandonné} 1-0

[Event "Champ FRA - Under 12"]
[Site "Europe Echecs"]
[Date "2020.07.08"]
[Round "5"]
[White "DruonThibault"]
[Black "ValleeLouis"]
[Result "0-1"]
[WhiteElo "1644"]
[BlackElo "1864"]
[PlyCount "48"]
[EventDate "2020.??.??"]

1. d4 d5 2. c4 c6 3. Nf3 Nf6 4. Nc3 e6 5. e3 Nbd7 6. Bd3 dxc4 7. Bxc4 b5 8. Bd3
Bd6 9. Qe2 O-O 10. e4 e5 11. d5 cxd5 12. Bxb5 dxe4 13. Nxe4 Nxe4 14. Qxe4 Qa5+
15. Bd2 Qxb5 16. Qxa8 Qxb2 17. O-O Ba6 18. Rfb1 Qxb1+ 19. Rxb1 Rxa8 20. Ba5 Nf6
21. Rd1 Bf8 22. Nxe5 Rc8 23. g3 Rc5 24. Nd7 Rxa5 {DruonThibault a abandonné}
0-1

[Event "Champ FRA - Under 12"]
[Site "Europe Echecs"]
[Date "2020.07.08"]
[Round "5"]
[White "TranKyLan"]
[Black "GeronimiJeanTh"]
[Result "0-1"]
[WhiteElo "1467"]
[BlackElo "1827"]
[PlyCount "110"]
[EventDate "2020.??.??"]

1. d4 Nf6 2. c4 e6 3. Nf3 d5 4. Bg5 Nbd7 5. a3 Be7 6. Nc3 O-O 7. g3 h6 8. Bf4
b6 9. cxd5 exd5 10. Ne5 Bb7 11. Bg2 Nxe5 12. Bxe5 Ne4 13. Nxe4 dxe4 14. O-O c5
15. dxc5 Bxc5 16. Qxd8 Raxd8 17. Rfd1 f5 18. b4 Be7 19. Rac1 Rxd1+ 20. Rxd1 Rd8
21. Rxd8+ Bxd8 22. e3 a5 23. b5 Kf7 24. Bf1 Bd5 25. Bd4 g6 26. Be2 h5 27. Bd1
Ke6 28. Kf1 Bc4+ 29. Be2 Bxe2+ 30. Kxe2 Kd5 31. Kd2 Kc4 32. a4 Kb3 33. h4 Kxa4
34. Kc3 Kxb5 35. Kb3 a4+ 36. Kb2 Kc4 37. Ka3 b5 38. Bb2 Be7+ 39. Ka2 b4 40. Kb1
a3 41. Bd4 b3 42. Kc1 Bb4 43. Kb1 a2+ 44. Kb2 a1=Q+ 45. Kxa1 Bc3+ 46. Kb1 Bxd4
47. exd4 Kxd4 48. Kb2 Kc4 49. Kb1 Kc3 50. Kc1 b2+ 51. Kb1 Kb3 52. g4 fxg4 53.
f4 g3 54. f5 g2 55. fxg6 g1=Q# {TranKyLan est échec et mat} 0-1

[Event "Champ FRA - Under 12"]
[Site "Europe Echecs"]
[Date "2020.07.08"]
[Round "5"]
[White "GardeGuillaume"]
[Black "MorlayeAlexand"]
[Result "1-0"]
[WhiteElo "1716"]
[BlackElo "1117"]
[PlyCount "53"]
[EventDate "2020.??.??"]

1. e4 e5 2. Nf3 Nc6 3. Bc4 Nf6 4. d3 Bc5 5. c3 O-O 6. O-O d5 7. exd5 Nxd5 8.
Nbd2 Bg4 9. h3 Bh5 10. Ne4 Bb6 11. Re1 Nf4 12. Bxf4 exf4 13. d4 Na5 14. Be2 Qd5
15. Ned2 Rfe8 16. c4 Nxc4 17. Bxc4 Rxe1+ 18. Qxe1 Qc6 19. Bb3 Re8 20. Qf1 h6
21. Re1 Rf8 22. Qc4 Qg6 23. Bc2 Qf6 24. Ne4 Qd8 25. Qd3 Bxf3 26. Nf6+ Kh8 27.
Qh7# {MorlayeAlexand est échec et mat} 1-0

[Event "Champ FRA - Under 12"]
[Site "Europe Echecs"]
[Date "2020.07.08"]
[Round "5"]
[White "ParalieuMaxime"]
[Black "DeladerriereAp"]
[Result "0-1"]
[WhiteElo "1569"]
[BlackElo "1702"]
[PlyCount "52"]
[EventDate "2020.??.??"]

1. d4 Nf6 2. c4 c5 3. Nf3 e6 4. g3 a6 5. Bg2 d5 6. O-O Nc6 7. e3 cxd4 8. exd4
Be7 9. Nc3 O-O 10. b3 b6 11. Ne5 Bb7 12. Bb2 Re8 13. Rc1 Rc8 14. cxd5 exd5 15.
Qd2 Bb4 16. Nxc6 Bxc6 17. Qd3 Bxc3 18. Qxc3 Ne4 19. Bxe4 Rxe4 20. Rfd1 Qf6 21.
Rd2 h6 22. Qb4 Bd7 23. Rxc8+ Bxc8 24. h4 Re1+ 25. Kg2 Bh3+ 26. Kxh3 Qf3 {
ParalieuMaxime a abandonné} 0-1

[Event "Champ FRA - Under 12"]
[Site "Europe Echecs"]
[Date "2020.07.08"]
[Round "5"]
[White "CassamChenaiAn"]
[Black "PerrouinAlexia"]
[Result "1-0"]
[WhiteElo "1839"]
[BlackElo "1530"]
[PlyCount "71"]
[EventDate "2020.??.??"]

1. d4 Nf6 2. Nf3 g6 3. Nc3 Bg7 4. Bf4 d6 5. Qd2 O-O 6. Bh6 Nc6 7. h4 e5 8. d5
Ne7 9. Bxg7 Kxg7 10. O-O-O h5 11. e4 a6 12. Ng5 b5 13. Be2 Bd7 14. Rdf1 c5 15.
f4 Ng4 16. fxe5 dxe5 17. Bxg4 Bxg4 18. Qf2 f6 19. Nf3 Qd6 20. Rhg1 c4 21. Nh2
Rac8 22. Nxg4 hxg4 23. Rh1 b4 24. Ne2 b3 25. axb3 cxb3 26. c3 a5 27. h5 g5 28.
Ng3 Qd7 29. h6+ Kh7 30. Nh5 Ng8 31. Ng7 a4 32. Ne6 Rfe8 33. Qf5+ Kh8 34. h7
Rxc3+ 35. bxc3 b2+ 36. Kd2 {PerrouinAlexia a abandonné} 1-0

[Event "Champ FRA - Under 12"]
[Site "Europe Echecs"]
[Date "2020.07.08"]
[Round "5"]
[White "LissillourBapt"]
[Black "GuertonDimitri"]
[Result "1-0"]
[WhiteElo "1731"]
[BlackElo "1334"]
[PlyCount "61"]
[EventDate "2020.??.??"]

1. d4 d5 2. Nf3 Nc6 3. c4 e6 4. Nc3 Nf6 5. Bg5 Be7 6. e3 Bd7 7. Bxf6 Bxf6 8.
cxd5 exd5 9. Nxd5 Bg4 10. Nxf6+ Qxf6 11. Bd3 O-O 12. O-O Rfe8 13. h3 Bxf3 14.
Qxf3 Qxf3 15. gxf3 Re6 16. Rfd1 Rh6 17. Kh2 Rd8 18. d5 Ne5 19. Be2 Rdd6 20. f4
Nd7 21. Rac1 Rh4 22. Rxc7 g6 23. Rxb7 Nf6 24. Bf3 Nd7 25. Kg3 Rh6 26. e4 g5 27.
e5 Rdg6 28. Rxd7 gxf4+ 29. Kxf4 Rh4+ 30. Bg4 f5 31. Kxf5 {GuertonDimitri a
abandonné} 1-0

[Event "Champ FRA - Under 12"]
[Site "Europe Echecs"]
[Date "2020.07.08"]
[Round "5"]
[White "ReymannNathan"]
[Black "LeVenTelo"]
[Result "1/2-1/2"]
[WhiteElo "1330"]
[BlackElo "1720"]
[PlyCount "164"]
[EventDate "2020.??.??"]

1. e4 e6 2. d4 d5 3. Nc3 dxe4 4. Nxe4 Nf6 5. Bg5 Be7 6. Nxf6+ Bxf6 7. Bxf6 Qxf6
8. Nf3 b6 9. Bd3 Bb7 10. Be2 O-O 11. O-O Rd8 12. c3 Nc6 13. Qc2 Rd7 14. Rad1
Rad8 15. h3 Qg6 16. Qxg6 hxg6 17. Bb5 a6 18. Ba4 b5 19. Bc2 Ne7 20. Ne5 Rd6 21.
Rfe1 Nc6 22. Nd3 Rd5 23. Nc5 Bc8 24. Be4 R5d6 25. Bc2 Na5 26. Bd3 Nb7 27. Nxa6
Rxa6 28. a3 Nd6 29. Re5 c6 30. Rde1 Nc4 31. Bxc4 bxc4 32. Rc5 Rb6 33. Re2 Rd5
34. Rxd5 cxd5 35. f4 Rb3 36. g4 Bd7 37. Kf2 Ba4 38. Kg3 Rb8 39. Kf2 Kh7 40. Kg3
Kh6 41. h4 Kh7 42. Kh3 Re8 43. Kg3 f5 44. g5 Bd1 45. Rd2 Bg4 46. Kh2 Bf3 47.
Kg3 Be4 48. Kh2 Rb8 49. Kg3 Kg8 50. Kf2 Kf7 51. Ke1 Rh8 52. Rh2 Rb8 53. Kd1 Ke7
54. Kc1 Kd7 55. Rf2 Kc6 56. Rh2 Kb5 57. Rf2 Ka4 58. Rh2 Kb3 59. Rf2 Ka2 60. Rh2
Ka1 61. Rf2 Rh8 62. Rh2 Ka2 63. Rh3 Kb3 64. Rh2 Bf3 65. Rh3 Bg4 66. Rh2 Ka4 67.
Rh1 Bf3 68. Rh2 Rb8 69. Rf2 Bg4 70. Rh2 Bf3 71. Rf2 Rh8 72. Rh2 Kb3 73. Rh3 Bg2
74. Rh2 Be4 75. Rh3 Bc2 76. Rh2 Rh5 77. Rh1 Be4 78. Rh2 Bf3 79. Rh3 Bg2 80. Rh2
Bf3 81. Rh3 Bg2 82. Rh2 Bf3 {Nulle par répétition} 1/2-1/2

[Event "Champ FRA - Under 12"]
[Site "Europe Echecs"]
[Date "2020.07.08"]
[Round "5"]
[White "LedouxHugo"]
[Black "BreuilVirgile"]
[Result "0-1"]
[WhiteElo "1322"]
[BlackElo "1622"]
[PlyCount "38"]
[EventDate "2020.??.??"]

1. d4 d5 2. Nf3 Nf6 3. e3 e6 4. Nbd2 c5 5. c4 Nc6 6. b3 cxd4 7. exd4 Bb4 8. Bb2
O-O 9. Bd3 Re8 10. O-O dxc4 11. Nxc4 Nd5 12. Nfe5 Nxe5 13. dxe5 b5 14. f4 bxc4
15. bxc4 Ne3 16. Qf3 Nxf1 17. Qxa8 Qxd3 18. Rxf1 Bc5+ 19. Kh1 Qxf1# {
LedouxHugo est échec et mat} 0-1